00942nmm a2200277 a 4500003000900000005001700009008004100026040001300067100002300080245014700103260003200250300001100282600004600293600002300339600002400362600002800386600001400414600003900428650004200467650001900509650004700528650002300575650002600598650002200624650001800646AR-BaBNM20251128203712.0287019s1967 ||||||||||||||000 | spa|| cAR-BaBNM1 aGandia, Enrique de10aHistoria de la ideas políticas en la Argentinablas ideas políticas de las primeras revoluciones y la supuesta conspiración de Alzaga. 4 aBuenos AiresbDepalmac19670 a821 p.14aLiniers y Bremond, Santiago ded1753-181014aSaavedra, Cornelio14aAlzaga, Martín De14aAgrelo, Pedro José De04aTellechea14aMonteagudo, Bernardod¿1785?-1825 4aANTECEDENTES DE LA REVOLUCION DE MAYO 4aSEMANA DE MAYO 4aMOVIMIENTOS EMANCIPADORES LATINOAMERICANOS 4aREVOLUCION DE MAYO 4aHISTORIA DE LAS IDEAS 4aHISTORIA POLITICA 4aPRIMERA JUNTA